Soviet economic development and the Third World.

Vplyv spomalenia hospodárskeho vývoja ZSSR na jeho vplyv v krajinách tretieho sveta. Interpretácia stratégií, ktoré ZSSR uplatňuje na opätovné posilnenie svojich pozícií v týchto krajinách. Vývoj vzájomných vzťahov v ekonomickej oblasti.

Guardado en:
Detalles Bibliográficos
Autor principal: Albricht, D.E
Formato: Capítulo de libro
Lenguaje:inglés
Materias:
Etiquetas: Agregar Etiqueta
Sin Etiquetas, Sea el primero en etiquetar este registro!

MARC

LEADER 00000naa a2200000 4500
001 r003455
005 20221213085316.3
041 0 |a eng 
044 |a GB 
245 1 0 |a Soviet economic development and the Third World.  |c D.E. Albricht 
520 |a Vplyv spomalenia hospodárskeho vývoja ZSSR na jeho vplyv v krajinách tretieho sveta. Interpretácia stratégií, ktoré ZSSR uplatňuje na opätovné posilnenie svojich pozícií v týchto krajinách. Vývoj vzájomných vzťahov v ekonomickej oblasti. 
610 2 0 |a rozvoj hospodársky 
610 2 0 |a ZSSR 
610 2 0 |a krajiny rozvojové 
610 2 0 |a stratégia hospodárska 
610 2 0 |a vzťahy hospodárske vonkajšie 
100 1 |a Albricht, D.E.